000 01334nam a22002537a 4500
003 OSt
005 20250913145639.0
008 240214b ||||| |||| 00| 0 eng d
040 _c0
082 _aDPer 621.381 In821 April 2022 v. 37 n. 4
100 _aNguyen, Hoach The.
_eauthor.
_952308
245 _aReview map of comparative designs for wireless high-power transfer systems in EV applications:
_cmaximum efficiency, ZPA, and CC/CV modes at fixed resonance frequency independent from coupling coefficient /
_hHoach The Nguyen, Jamal Yousuf Alsawalhi, Khalifa Al Hosani, Ameena Saad Al-Sumaiti, Khaled Ali Al Jaafari, Young-Ji Byon, and Mohamed Shawky El Moursi.
260 _aNew York ;
_bThe Institute of Electrical and Electronics Engineers, Inc. ,
_cApril 2022.
300 _aVolume 37, pages 4857-4876 :
_billustration ;
_c28 cm.
500 _aIEEE Transaction on Power Electronics, vol. 37, no. 4, pages 4857-4876, April 2022.
700 _aNguyen, Hoach The.
_eauthor.
_952308
700 _aAlsawalhi, Jamal Yousuf.
_eauthor.
_952309
700 _aHosani, Khalifa Al.
_eauthor.
_952310
700 _aAl-Sumaiti, Ameena Saad.
_eauthor.
_952311
700 _aJaafari, Khaled Ali Al.
_eauthor.
_952312
700 _aByon, Young-Ji.
_eauthor.
_952313
700 _aEl Moursi, Mohamed Shawky.
_eauthor.
_952314
942 _2ddc
_cPER
999 _c19135
_d19135